| 000 | 00353 a2200157 4500 | ||
|---|---|---|---|
| 001 | 187183 | ||
| 020 | _a978-85-10-04691-6 | ||
| 040 | _cMagnum | ||
| 100 | _aCasasanta, Therezinha | ||
| 240 | 1 | 0 |
_aO coelhinho desobediente _lpor |
| 245 | 1 | 0 | _aO coelhinho desobediente |
| 300 | _a23 | ||
| 362 | 0 | _a2009 | |
| 697 | _aLITERATURA INFANTIL | ||
| 942 | _cBK | ||
| 999 |
_c187183 _d187183 |
||